Handbook of RF and wireless technologies (Record no. 8119)
[ view plain ]
| 000 -LEADER | |
|---|---|
| fixed length control field | 01322 a2200229 4500 |
| 020 ## - INTERNATIONAL STANDARD BOOK NUMBER | |
| International Standard Book Number | 0750676957 |
| 040 ## - CATALOGING SOURCE | |
| Original cataloging agency | DLC |
| Language of cataloging | DLC |
| 082 ## - DEWEY DECIMAL CLASSIFICATION NUMBER | |
| Classification number | 621.382 |
| 100 1# - MAIN ENTRY--PERSONAL NAME | |
| Personal name | Dowla, Farid U. |
| 245 10 - TITLE STATEMENT | |
| Title | Handbook of RF and wireless technologies |
| Statement of responsibility, etc. | Farid Dowla. |
| 246 3# - VARYING FORM OF TITLE | |
| Title proper/short title | Handbook of radio frequency and wireless technologies. |
| 246 3# - VARYING FORM OF TITLE | |
| Title proper/short title | Handbook of RF and wireless technologies [electronic resource] |
| 260 ## - PUBLICATION, DISTRIBUTION, ETC. | |
| Place of publication, distribution, etc. | Amsterdam ; |
| -- | Boston, Mass. : |
| Name of publisher, distributor, etc. | Newnes, |
| Date of publication, distribution, etc. | 2004. |
| 300 ## - PHYSICAL DESCRIPTION | |
| Extent | xxiii, 515 p. : |
| Other physical details | ill. |
| 520 1# - SUMMARY, ETC. | |
| Summary, etc. | "Handbook of RF and Wireless Technologies answers the need for a thorough yet concise single-volume guide to recent developments in RF and wireless. Authored by an outstanding collection of experts - associated with Motorola, Ohio State University, Oak Ridge National Laboratory, University of Florida, Hewlett Packard Laboratories, and other leading institutions in academia and industry - this book offers detailed coverage of these important areas."--BK JACKET. |
| 538 ## - SYSTEM DETAILS NOTE | |
| System details note | Mode of access: World Wide Web. |
| 538 ## - SYSTEM DETAILS NOTE | |
| System details note | System requirements: Internet connectivity; World Wide Web browser. |
| 650 #0 - SUBJECT ADDED ENTRY--TOPICAL TERM | |
| Topical term or geographic name entry element | Wireless communication systems |
| 650 #0 - SUBJECT ADDED ENTRY--TOPICAL TERM | |
| Topical term or geographic name entry element | Radio frequency. |
| 856 41 - ELECTRONIC LOCATION AND ACCESS | |
| Uniform Resource Identifier | <a href="http://libproxy1.nus.edu.sg/login?url=http://www.sciencedirect.com/science/book/9780750676953">http://libproxy1.nus.edu.sg/login?url=http://www.sciencedirect.com/science/book/9780750676953</a> |
| 942 ## - ADDED ENTRY ELEMENTS (KOHA) | |
| Koha item type | Book |
| Call number prefix | 621.382 DOW |
| Source of classification or shelving scheme | |
| Withdrawn status | Lost status | Damaged status | Not for loan | Collection code | Permanent Location | Current Location | Shelving location | Date acquired | Source of acquisition | Cost, normal purchase price | Total Checkouts | Full call number | Barcode | Date last seen | Date last checked out | Price effective from | Koha item type |
|---|---|---|---|---|---|---|---|---|---|---|---|---|---|---|---|---|---|
| Central Library (CL) | Central Library (CL) | General Stacks | 11/08/2005 | Academic Book company | 2854.84 | 1 | 621.382 DOW | SEECS006637 | 01/17/2023 | 10/31/2022 | 01/05/2017 | Book |
